000 00652nam a2200229Ia 4500
003 OSt
005 20221007075633.0
006 a|||||r|||| 00| 0
007 ta
008 221006b |||||||| |||| 00| 0 eng d
024 _a8,933
037 _cReference Collections
040 _aFLL
_cFLL
_beng
041 _2eng
_aeng
082 _aD65,8(B):Z, P1
100 _aFernandes Ashwin Au.
_9694065
245 0 _aInformation technology and management
260 _aNew Delhi
_bMittal pub. India
_c2001
300 _a277p
_ccm.
942 _hD65,8(B):Z, P1
_cREF
_2CC
999 _c1156823
_d1156823